Meilleurs sons de 1PLIKÉ140 - Statistiques

Statistiques générales
  • Ce quiz a été pris 374 fois
  • Le résultat moyen est 4 sur 10
Statistiques - réponses
Rang Titres Streams % Correct
1 CANADA 56,6M
88%
2 LOPSA STORY 52,1M
80%
3 ONGBAK 2 31,5M
58%
6 Dans mon assiette 14,9M
41%
4 140G (ft. Niska) 20,7M
39%
8 DOLCE VITA 12,0M
39%
7 Ma mission 14,6M
33%
9 Lebara 11,9M
31%
5 1PLIKTOI BIEN 16,3M
23%
10 EST-CE QUE T'ASSUMES ? 10,7M
14%
Aucun quiz correspondant
Distribution des résultats
% des personnes avec chaque résultat
Percentile par nombre de réponses
Votre historique - résultats
Vous n’avez pas pris ce quiz